Budoucnost dopravy: spolupráce a nové technologie i ridiči
Mobilita budúcnosti - budúcnosť dopravného priemyslu. Znižovanie spotreby pohonných hmôt. Problém zahltenia mestskej infraštruktúry. Využívanie rôznych prvkov modernej technológie. Telematika a telemetria. Spolupráca s legislatívou.
Saved in:
| Main Author: | |
|---|---|
| Format: | Book Chapter |
| Language: | Czech |
| Subjects: | |
| Tags: |
No Tags, Be the first to tag this record!
|
MARC
| LEADER | 00000naa a2200000 4500 | ||
|---|---|---|---|
| 001 | 0199826 | ||
| 005 | 20231211081039.0 | ||
| 041 | 0 | |a cze | |
| 044 | |a CZ | ||
| 245 | 1 | 0 | |a Budoucnost dopravy: spolupráce a nové technologie i ridiči |c Hynek Roubík |
| 520 | |a Mobilita budúcnosti - budúcnosť dopravného priemyslu. Znižovanie spotreby pohonných hmôt. Problém zahltenia mestskej infraštruktúry. Využívanie rôznych prvkov modernej technológie. Telematika a telemetria. Spolupráca s legislatívou. | ||
| 610 | 2 | 0 | |a doprava cestná nákladná |
| 610 | 2 | 0 | |a doprava cestná osobná |
| 610 | 2 | 0 | |a hmoty pohonné |
| 610 | 2 | 0 | |a spotreba |
| 610 | 2 | 0 | |a mestá |
| 610 | 2 | 0 | |a technológie informačné |
| 610 | 2 | 0 | |a technológie komunikačné |
| 610 | 2 | 0 | |a technológie nové |
| 100 | 1 | |a Roubík, Hynek | |